| 000 | 00486nam a2200181Ia 4500 | ||
|---|---|---|---|
| 005 | 20250326141942.0 | ||
| 008 | 250326s9999 xx 000 0 und d | ||
| 037 | _aTextbook | ||
| 040 |
_aFMSL _beng _cFMSL |
||
| 041 |
_aeng _2eng |
||
| 084 | _qFMSL | ||
| 100 |
_aCarlisle K _9745334 |
||
| 245 | 0 |
_aPractical motivation handbook _cCarlisle K; Murphy S E |
|
| 260 |
_aNew York _bNew York, Johan Wiley & Sons _c1986 |
||
| 300 | _a385p | ||
| 942 | _cTB | ||
| 999 |
_c1292763 _d1292763 |
||